| 000 | 00710nam a22002297a 4500 | ||
|---|---|---|---|
| 005 | 20170124105930.0 | ||
| 010 | _aA-372184 | ||
| 020 |
_c00.00 _a812020235 |
||
| 035 | _aA-372184 | ||
| 037 | _bCen Lib/Ret | ||
| 040 |
_aDPL _bEN |
||
| 082 |
_a330.954 _bKHA |
||
| 100 |
_aKhan, M. Basheer Ahmed _98026 |
||
| 245 |
_aPerspectives on new economic policy / _cby M. Basheer Ahmed Khan |
||
| 260 |
_aDelhi _bAjanta Publications _c1989 |
||
| 270 |
_aJawahar Nagar _bDelhi _e110007 |
||
| 300 |
_axiv,128p. _c21cm(Hb) |
||
| 500 | _aIncludes bibliographical references and index | ||
| 650 |
_aIndia -- Industries _971904 |
||
| 650 |
_aCommercial policy _96517 |
||
| 942 |
_2ddc _cEN _h330.954 _mKHA |
||
| 999 |
_c123784 _d123784 |
||